Disaster Management : Common Man's Kit (Record no. 231093)

MARC details
000 -LEADER
fixed length control field 00477nam a2200193Ia 4500
008 - FIXED-LENGTH DATA ELEMENTS--GENERAL INFORMATION
fixed length control field 240823s9999||||xx |||||||||||||| ||und||
082 ## - DEWEY DECIMAL CLASSIFICATION NUMBER
-- 658.477 Q6
100 ## - MAIN ENTRY--PERSONAL NAME
Personal name Perumalsamy R
245 #0 - TITLE STATEMENT
Title Disaster Management : Common Man's Kit
250 ## - EDITION STATEMENT
Edition statement 1st
260 ## - PUBLICATION, DISTRIBUTION, ETC. (IMPRINT)
Date of publication, distribution, etc 2016
Name of publisher, distributor, etc Emerald Publi
500 ## - GENERAL NOTE
General note YES
650 ## - SUBJECT ADDED ENTRY--TOPICAL TERM
Topical term or geographic name as entry element Disaster Management
700 ## - ADDED ENTRY--PERSONAL NAME
Personal name Vairavarajan S
942 ## - ADDED ENTRY ELEMENTS (KOHA)
Item type Books
Holdings
Withdrawn status Lost status Damaged status Permanent location Current location Date acquired Source of acquisition Cost, normal purchase price Full call number Barcode Date last seen Koha item type Shelving location
      CENTRAL LIBRARY, NOORUL ISLAM CENTRE FOR HIGHER EDUCATION CENTRAL LIBRARY, NOORUL ISLAM CENTRE FOR HIGHER EDUCATION 04/12/2019 Gift Book from VC 200.00 658.477 Q6 79244 08/23/2024 Books  
      CENTRAL LIBRARY, NOORUL ISLAM CENTRE FOR HIGHER EDUCATION CENTRAL LIBRARY, NOORUL ISLAM CENTRE FOR HIGHER EDUCATION 03/25/2026 Gift Books 200.00 363.64 Q6 85247 03/25/2026 Books General stacks
Visitors:
Copyright © 2024 Central Library NICHE.  All rights reserved.